000
00359nam a2200145Ia 4500
008
090122s9999 xx 000 0 und d
082
_b
4144
_a
891.463
100
_a
देसाई
_b
रणजित
245
_a
बारी
600
_a
देसाई
630
_a
बारी
700
_a
देसाई
730
_a
बारी
942
_c
BOOK
999
_c
28222
_d
28222